Statystyki dla Zawodnicy grający z numerem 7 na mundialu w Katarze

Kliknij tutaj aby rozwiązać quiz!

Ogólne statystyki

  • Ten quiz został rozwiązany 10 razy
  • Średni wynik to 5 z 32

Statystyki odpowiedzi

ReprezentacjaZawodnik% Poprawnych
PolskaArkadiusz Milik
100%
PortugaliaCristiano Ronaldo
90%
FrancjaAntoine Griezmann
40%
KoreaHueng-min Son
40%
NiemcyKai Havertz
40%
BelgiaKevin de Bruyne
40%
ArgentynaRodrigo de Paul
40%
HiszpaniaAlvaro Morata
30%
MarokoHakim Ziyech
30%
AngliaJack Grealish
30%
HolandiaSteven Bergwijn
20%
SzwajcariaBreel Embolo
10%
WaliaJoe Allen
10%
BrazyliaLucas Paqueta
10%
EkwadorPervis Estupinan
10%
GhanaAbdul Fatawu Issahaku
0%
KatarAhmed Alaaeldin
0%
IranAlireza Jahanbakhsh
0%
KostarykaAnthony Contreras
0%
JaponiaGaku Shibasaki
0%
KamerunGeorges-Kevin Nkoudou
0%
USAGiovanni Reyna
0%
ChorwacjaLovro Majer
0%
MeksykLuis Romo
0%
AustraliaMathew Leckie
0%
DaniaMathias Jensen
0%
SerbiaNemanja Radonjić
0%
UrugwajNicolas de la Cruz
0%
SenegalNicolas Jackson
0%
Arabia SaudyjskaSalman Al-Faraj
0%
KanadaStephen Eustaquio
0%
TunezjaYoussef Msakni
0%

Rozkład punktacji

Percentyl według liczby udzielonych odpowiedzi

Procent ludzi z każdym wynikiem

Twoja historia wyników

Nie rozwiązałeś tego quizu